Songs That Never Passed Their Debut Position (Billboard Hot 100) [2018] - Statistics

General Stats
  • This quiz has been taken 35 times
    31 since last reset
  • The average score is 17 of 377
Answer Stats
Month Peak Artist(s) Song % Correct
January #11 Eminem ft. Ed Sheeran River
68%
#48 Migos ft. 21 Savage BBO (Bad ******* Only)
36%
#16 XXXTENTACION BAD!
25%
#7 The Weeknd & Kendrick Lamar Pray For Me
25%
#28 Cardi B ft. Kehlani Ring
25%
#21 Cardi B ft. Migos Drip
21%
#23 Cardi B ft. SZA I Do
21%
#10 J. Cole KOD
21%
#6 J. Cole ATM
18%
#4 The Weeknd Call Out My Name
18%
#9 Drake ft. Michael Jackson Don't Matter To Me
18%
#2 Drake Nonstop
18%
May #3 Ariana Grande No Tears Left to Cry
18%
#14 Cardi B ft. 21 Savage Bartier Cardi
14%
#39 Cardi B ft. Chance The Rapper Best Life
14%
#98 Rae Sremmurd & Travi$ Scott Close
14%
#8 J. Cole Kevin's Heart
14%
#31 Travi$ Scott ft. Sheck Wes & Juice WRLD NO BYSTANDERS
14%
#99 Ariana Grande pete davidson
14%
#27 Drake Sandra's Rose
14%
#57 Cardi B ft. YG She Bad
14%
#27 Travi$ Scott ft. Philip Bailey, James Blake, Kid Cudi & Stevie Wonder STOP TRYING TO BE GOD
14%
September #55 Ariana Grande sweetener
14%
#54 Meek Mill ft. Ella Mai 24/7
11%
#41 Drake ft. Static Major & Ty Dolla $ign After Dark
11%
#28 XXXTENTACION & Lil Pump ft. Maluma & Swae Lee Arms Around You
11%
#16 Post Malone ft. Nicki Minaj Ball For Me
11%
#38 Travi$ Scott ft. Don Toliver CAN'T SAY
11%
#69 KIDS SEE GHOSTS Cudi Montage
11%
February #7 Drake Diplomatic Immunity
11%
#8 Drake Emotionless
11%
#56 Drake Final Fantasy
11%
November #26 Future & Juice WRLD Fine China
11%
#98 Lil Yachty ft. Playboi Carti Get Dripped
11%
#16 Kanye West ft. PARTYNEXTDOOR Ghost Town
11%
#90 Zedd & Elley Duhe Happy Now
11%
#11 BTS ft. Nicki Minaj IDOL
11%
#6 Kanye West & Lil Pump I Love It
11%
#83 XXXTENTACION ft. Joey Bada$$ infinity (888)
11%
#36 Drake Is There More
11%
#32 Drake Jaded
11%
#93 Dua Lipa & BLACKPINK Kiss and Make Up
11%
#52 Ozuna & Cardi B La Modelo
11%
#57 Drake March 14
11%
#5 Bad Bunny & Drake MIA
11%
#2 Lil Wayne ft. Kendrick Lamar Mona Lisa
11%
#95 THE CARTERS NICE
11%
#13 Machine Gun Kelly Rap Devil
11%
#51 Drake Ratchet Happy Birthday
11%
#46 Playboi Carti ft. Lil Uzi Vert Shoota
11%
#84 THE CARTERS SUMMER
11%
#28 Drake Summer Games
11%
#20 Drake ft. Jay-Z Talk Up
11%
#50 Cardi B Thru Your Phone
11%
#16 Travi$ Scott ft. Lil Uzi Vert & Kanye West Watch
11%
#91 Lil Yachty ft. Juice WRLD Yacht Club
11%
#25 Travi$ Scott ft. Gunna & NAV YOSEMITE
11%
#2 Kodak Black ft. Travi$ Scott & Offset ZEZE
11%
#20 J. Cole 1985 (Intro to the Fall Off)
7%
#42 KIDS SEE GHOSTS ft. Louis Prima 4th Dimension
7%
#40 Post Malone 92 Explorer
7%
#11 Kanye West All Mine
7%
#13 THE CARTERS APES**T
7%
#72 Sugarland ft. Taylor Swift Babe
7%
#79 Imagine Dragons Bad Liar
7%
#18 Nicki Minaj Barbie Dreams
7%
#30 6ix9ine ft. Anuel AA BEBE
7%
#43 Cardi B Bickenhead
7%
#18 Drake Can't Take a Joke
7%
#24 Travi$ Scott ft. Frank Ocean CAROUSEL
7%
#26 Lil Wayne ft. Nicki Minaj Dark Side of the Moon
7%
#80 Jennifer Lopez ft. DJ Khaled & Cardi B Dinero
7%
#5 Lil Wayne ft. XXXTENTACION Don't Cry
7%
#98 Enrique Iglesias ft. Bad Bunny El Bano
7%
#14 Drake Elevate
7%
#12 Eminem Fall
7%
#42 Drake Finesse
7%
#62 KIDS SEE GHOSTS Freeee (Ghost Town Pt. 2)
7%
#46 J. Cole ft. kiLL edward FRIENDS
7%
#99 THE CARTERS FRIENDS
7%
#73 Migos Gang Gang
7%
#38 Cardi B Get Up 10
7%
March #93 Daniel Caesar ft. Kali Uchis Get You
7%
#6 Meek Mill ft. Drake Going Bad
7%
#60 Nicki Minaj ft. Lil Wayne Good Form
7%
#87 Ariana Grande goodnight n go
7%
#92 Clean Bandit ft. Julia Michaels I Miss You
7%
#28 Kanye West I Thought About Killing You
7%
#16 Eminem Kamikaze
7%
#97 Lil Mosey Kamikaze
7%
#73 KIDS SEE GHOSTS KIDS SEE GHOSTS
7%
#6 Eminem ft. Joyner Lucas Lucky You
7%
#58 Nicki Minaj ft. Eminem & Labrinth Majesty
7%
#13 Drake Mob Ties
7%
#58 Cardi B Money Bag
7%
#90 Huncho Jack Motorcycle Patches
7%
#36 Migos Narcos
7%
#63 Lil Yachty ft. YoungBoy Never Broke Again NBAYoungboat
7%
#41 Travi$ Scott ft. 21 Savage NC-17
7%
#5 DJ Khaled ft. Justin Bieber, Chance The Rapper & Quavo No Brainer
7%
#36 Kanye West No Mistakes
7%
#52 Migos ft. Post Malone Notice Me
7%
#63 Ski Mask The Slump God ft. Juice WRLD Nuketown
7%
#30 Meek Mill ft. Cardi B On Me
7%
#24 Post Malone Over Now
7%
#11 Post Malone Paranoid
7%
#39 KIDS SEE GHOSTS Reborn
7%
#72 Ariana Grande R.E.M.
7%
#83 Pharrell Williams & Camilla Cabello Sangria Wine
7%
#47 Travi$ Scott ft. The Weeknd & Pharrell Williams SKELETONS
7%
#15 Post Malone ft. Swae Lee Spoil My Night
7%
#17 Post Malone Stay
7%
#57 Post Malone Sugar Wraith
7%
#46 Trippie Redd Taking A Walk
7%
#28 J. Cole ft. kiLL edward The Cut Off
7%
#98 Nicki Minaj ft. The Weeknd Thought I Knew You
7%
#69 Imagine Dragons & Khalid Thunder / Young Dumb & Broke (Medley)
7%
#62 Lil Baby ft. Meek Mill Time
7%
#22 DJ Khaled ft. Jay-Z, Future & Beyonce Top Off
7%
#30 Travi$ Scott ft. The Weeknd WAKE UP
7%
#43 Travi$ Scott ft. Quavo & TakeOff WHO? WHAT!
7%
#41 J. Cole Window Pain (Outro)
7%
#8 Kanye West Yikes
7%
#65 Shawn Mendes ft. Khalid Youth
7%
#23 Post Malone Zack and Codeine
7%
#55 Trippie Redd ft. Juice WRLD 1400 / 999 Freestyle
4%
#22 Logic 44 More
4%
#36 Travi$ Scott 5% TINT
4%
#73 Lil Yachty ft. Trippie Redd 66
4%
#21 Drake 8 Out of 10
4%
#41 Lady Gaga Always Remember Us This Way
4%
#89 Young Thug ft. Nicki Minaj Anybody
4%
#44 Juice WRLD Armed and Dangerous
4%
#48 Travi$ Scott ASTROTHUNDER
4%
#71 Kendrick Lamar & Travi$ Scott Big Shot
4%
#30 Drake Blue Tint
4%
#88 Lil Yachty ft. Ugly God BOOM!
4%
#30 J. Cole BRACKETS
4%
#100 AJR Burn The House Down
4%
#99 TakeOff Casper
4%
#28 Lil Baby Close Friends
4%
#68 Travi$ Scott COFFEE BEAN
4%
#62 Ariana Grande everytime
4%
June #10 BTS Fake Love
4%
#54 Childish Gambino Feels Like Summer
4%
#47 KIDS SEE GHOSTS Feel The Love
4%
#9 Justin Timberlake Filthy
4%
#67 KIDS SEE GHOSTS Fire
4%
#81 Ski Mask The Slump God Foot Fungus
4%
#60 Nicki Minaj Ganja Burns
4%
#88 Kodak Black ft. Lil Pump Gnarly
4%
#95 XXXTENTACION going down!
4%
#64 Avril Lavigne Head Above Water
4%
#72 Wiz Khalifa ft. Swae Lee Hopeless Romantic
4%
#53 Travi$ Scott HOUSTONFORNICATION
4%
#43 The Weeknd ft. Gesaffelstein Hurt You
4%
#98 Lil Baby & Gunna I Am
4%
#69 YoungBoy Never Broke Again ft. Kevin Gates & Quando Rondo I Am Who They Say I Am
4%
#36 Lady Gaga I'll Never Love Again
4%
#56 Logic ft. Wiz Khalifa Indica Badu
4%
#53 J. Cole Intro
4%
#55 Meek Mill Intro
4%
#35 The Weeknd ft. Gesaffelstein I Was Never There
4%
#72 Future & Juice WRLD ft. Young Scooter Jet Lag
4%
#73 Post Malone Jonestown (Interlude)
4%
#3 Eminem Killshot
4%
#96 Iggy Azalea ft. Tyga Kream
4%
July #65 Juice WRLD Legends
4%
#75 Lil Wayne Let It All Work Out
4%
#10 Lil Wayne ft. Travi$ Scott Let It Fly
4%
#73 Trippie Redd Love Scars 3
4%
#88 Janet Jackson & Daddy Yankee Made For Now
4%
#99 Janelle Monae Make Me Feel
4%
#15 J. Cole Motiv8
4%
#81 twenty one pilots My Blood
4%
#88 Loren Allred Never Enough
4%
#15 Lil Baby & Gunna ft. Drake Never Recover
4%
#46 Meghan Trainor No Excuses
4%
#79 Metro Boomin ft. Travi$ Scott, Kodak Black & 21 Savage No More
4%
October #47 French Montana ft. Drake No Stylist
4%
#24 Eminem ft. Royce Da 5'9" Not Alike
4%
#78 Martin Garrix ft. Khalid Ocean
4%
#47 J. Cole Once an Addict (Interlude)
4%
#80 Logic ft. Ryan Tedder One Day
4%
#62 XXXTENTACION ft. Kanye West & Travis Barker One Minute
4%
#57 Khalid, Ty Dolla $ign & 6LACK OTW
4%
#38 Drake Peak
4%
#14 J. Cole Photograph
4%
#45 A$AP Rocky ft. Skepta Praise The Lord (Da Shine)
4%
#76 6LACK ft. J. Cole Pretty Little Fears
4%
#52 The Weeknd Privilege
4%
#65 Calvin Harris & Sam Smith Promises
4%
#14 Post Malone Rich & Sad
4%
#26 Travi$ Scott ft. Swae Lee R.I.P. SCREW
4%
#73 6ix9ine ft. Tory Lanez & Young Thug RONDO
4%
#92 Huncho Jack Saint
4%
#20 Post Malone ft. G-Eazy & YG Same B*****s
4%
April #60 Panic! At The Disco Say Amen (Saturday Night)
4%
#9 Justin Timberlake ft. Chris Stapleton Say Something
4%
#33 Mac Miller Self Care
4%
#77 Meek Mill ft. Future, Roddy Ricch & Young Thug Splash Warning
4%
#8 Travi$ Scott STARGAZING
4%
#25 6ix9ine ft. Bobby Shmurda STOOPID
4%
#91 Joyner Lucas & Chris Brown Stranger Things
4%
#88 Khalid ft. Empress Of Suncity
4%
#17 Drake Survival
4%
#29 Post Malone Takin' Shots
4%
#37 Drake That's How You Feel
4%
#47 Carrie Underwood ft. Ludacris The Champion
4%
#8 Eminem The Ringer
4%
#63 Khalid & Swae Lee The Ways
4%
#64 XXXTENTACION Train food
4%
#26 The Weeknd Try Me
4%
#7 Lil Wayne Uproar
4%
#39 Meek Mill ft. Fabolous & Anuel AA Uptown Vibes
4%
#94 Ozuna x Manuel Turizo Vaina Loca
4%
#27 Kanye West Violent Crimes
4%
#27 The Weeknd Wasted Times
4%
#24 Lil Wayne ft. Sosamann What About Me
4%
#20 Meek Mill ft. Rick Ross & Jay-Z What's Free
4%
#24 Kanye West ft. PARTYNEXTDOOR Wouldn't Leave
4%
#49 ScHoolboy Q, 2 Chainz & Saudi X
4%
#42 Metro Boomin ft. 21 Savage 10 Freaky Girls
0%
#65 Future 31 Days
0%
#98 Easton Corbin A Girl Like You
0%
#87 J. Cole Album of the Year (Freestyle)
0%
#73 Meek Mill Almost Slipped
0%
#90 P!nk A Million Dreams
0%
#82 Future & Juice WRLD Astronauts
0%
#85 Migos Auto Pilot
0%
#92 Eminem Believe
0%
#80 Lil Baby & Gunna Belly
0%
#53 2 Chainz, Drake & Quavo Bigger > You
0%
#86 Quavo Biggest Alley Oop
0%
#71 Huncho Jack Black & Chinese
0%
#91 Kendrick Lamar Black Panther
0%
#47 Post Malone Blame It On Me
0%
#97 Logic BoomTrap Protocol
0%
#74 Kygo & Imagine Dragons Born To Be Yours
0%
#77 THE CARTERS BOSS
0%
#61 Lil Baby & Gunna Business is Business
0%
#17 Lil Wayne Can't Be Broken
0%
#96 Migos ft. Gucci Mane CC
0%
#86 NAV ft. Travi$ Scott Champion
0%
#70 Meek Mill Championships
0%
#78 Young Thug ft. Gunna & Lil Baby Chanel (Go Get It)
0%
#68 Kevin Gates Change Lanes
0%
#91 Mac Miller Come Back To Earth
0%
#69 Billie Eilish come out and play
0%
#60 Logic Contra
0%
#96 Nas ft. Kanye West Cops Shot The Kid
0%
#76 H.E.R. ft. Bryson Tiller Could've Been
0%
#82 Lil Baby Crush A Lot
0%
#48 Carrie Underwood Cry Pretty
0%
#71 Future Cuddle My Wrist
0%
#55 BLACKPINK DDU-DU DDU-DU
0%
#14 Lil Wayne Dedicate
0%
#97 Lil Baby Deep End
0%
#81 Lil Wayne Demon
0%
#59 YoungBoy Never Broke Again Diamond Teeth Samurai
0%
#84 XXXTENTACION difference (interlude)
0%
#38 Metro Boomin ft. 21 Savage Don't Come Out The House
0%
#39 Lil Wayne ft. Snoop Dogg Dope N*****
0%
#90 Lil Wayne ft. Nivea Dope New Gospel
0%
#72 Metro Boomin ft. Swae Lee & Travi$ Scott Dreamcatcher
0%
#83 Lil Pump Drug Addicts
0%
#83 Huncho Jack ft. Offset Dubai ****
0%
#87 Migos Emoji A Chain
0%
#24 Lil Pump Esskeetit
0%
#100 The Chainsmokers Everybody Hates Me
0%
#65 Huncho Jack ft. Takeoff Eye 2 Eye
0%
#62 Mason Ramsey Famous
0%
#36 Lil Wayne ft. Reginae Carter Famous
0%
#48 Quavo ft. Drake Flip The Switch
0%
#100 H.E.R. Focus
0%
#49 Lin-Manuel Miranda & Ben Platt Found / Tonight
0%
#73 Wiz Khalifa ft. Lil Skies Fr Fr
0%
#91 Lil Baby Global
0%
#67 Eminem ft. Jessie Reyez Good Guy
0%
#99 6ix9ine GOTTI
0%
#23 Eminem Greatest
0%
#48 XXXTENTACION Guardian angel
0%
#84 Swae Lee ft. Slim Jxmmi Guatemala
0%
#90 Jason Mraz Have It All
0%
#83 Migos Higher We Go (Intro)
0%
#59 Lil Wayne Hittas
0%
#85 Gorillaz ft. George Benson Humility
0%
#93 Quavo Huncho Dreams
0%
#87 Huncho Jack Huncho Jack
0%
#70 Mac Miller Hurt Feelings
0%
#51 XXXTENTACION I don't let go
0%
#56 Kodak Black If I'm Lyin, I'm Flyin
0%
#73 Pusha T If You Know You Know
0%
August #60 Chance The Rapper I Might Need Security
0%
#65 Pusha T Infrared
0%
#84 Red Marlow I Pray
0%
#63 Lady Gaga Is That Alright?
0%
#63 Queen Naija Karma
0%
#54 TakeOff Last Memory
0%
#82 Kevin Gates Let It Sing
0%
#73 ZAYN Let Me
0%
#73 Kris Wu Like That
0%
#100 Quavo ft. Lil Baby Lose It
0%
#92 Juice WRLD Make It Back
0%
#73 Justin Timberlake Man of the Woods
0%
#93 Bradley Cooper Maybe It's Time
0%
#45 Queen Naija Medicine
0%
#77 Reik ft. Ozuna & Wisin Me Niego
0%
#74 Lil Wayne Mess
0%
#74 Logic Midnight
0%
#73 Meek Mill ft. Swizz Beatz Millidelphia
0%
#68 Huncho Jack Modern Slavery
0%
#58 Kodak Black ft. Juice WRLD MoshPit
0%
#81 Luke Combs Must've Never Met You
0%
#80 Troye Sivan My My My!
0%
#89 Trippie Redd ft. Kodie Shane Negative Energy
0%
#65 Eminem & Jessie Reyez Nice Guy
0%
#79 twenty one pilots Nico and The Niners
0%
#82 NF No Name
0%
#39 Eminem Normal
0%
#54 Lil Baby & Gunna ft. Lil Durk & NAV Off White VLONE
0%
#89 Tyler, The Creator OKRA
0%
#85 Meek Mill Oodles O' Noodles Babies
0%
#47 Lil Wayne Open Letter
0%
#62 Lil Wayne Open Safe
0%
#46 Post Malone Otherside
0%
#62 Metro Boomin ft. Travi$ Scott Overdue
0%
#68 Logic Overnight
0%
#61 Quavo ft. 21 Savage Pass Out
0%
#78 Meek Mill ft. 21 Savage Pay You Back
0%
#86 Lil Wayne Perfect Strangers
0%
#98 YoungBoy Never Broke Again Preach
0%
#57 Lil Wayne Problems
0%
#96 2 Chainz ft. YG & Offset Proud
0%
#46 Lil Baby Pure Cocaine
0%
#76 Future Racks Blue
0%
#66 Lil Baby ft. Gunna Ready
0%
#88 Quavo ft. Travi$ Scott Rerun
0%
#57 Meek Mill Respect The Game
0%
#65 The Chainsmokers Sick Boy
0%
#79 Lil Baby Southside
0%
#51 Metro Boomin ft. Gunna Space Cadet
0%
#68 XXXTENTACION STARING AT THE SKY
0%
#76 Lil Wayne ft. Ashanti & Mack Maine Start This S*** Off Right
0%
#42 Eminem Stepping Stone
0%
#44 Childish Gambino Summertime Magic
0%
#53 Migos Supastars
0%
#71 Justin Timberlake Supplies
0%
December #81 Kodak Black Take One
0%
#46 6ix9ine ft. DJ SPINKING TATI
0%
#67 Adison Agen Tennessee Rain
0%
#74 Kodak Black Testimony
0%
#100 Pusha T The Games We Play
0%
#72 Meek Mill ft. Kodak Black Tic Tac Toe
0%
#65 Lil Wayne Took His Time
0%
#98 Trippie Redd Toxic Waste
0%
#61 Meek Mill Trauma
0%
#72 Ozuna Unica
0%
#100 Metro Boomin ft. Travi$ Scott & Young Thug Up To Something
0%
#78 Lil Wayne Used 2
0%
#89 Khalid Vertigo
0%
#61 5 Seconds of Summer Want You Back
0%
#98 Logic ft. Young Sinatra Warm It Up
0%
#83 Logic ft. Big Sean Wassup
0%
#89 Steve Aoki ft. BTS Waste It On Me
0%
#65 XXXTENTACION what are you so afraid of
0%
#75 Pusha T ft. Kanye West What Would Meek Do?
0%
#64 Migos ft. Travi$ Scott, Ty Dolla $ign & Big Sean White Sand
0%
#37 XXXTENTACION whoa (mind in awe)
0%
#53 Future WiFi Lit
0%
#69 Chloe Kohanski Wish I Didn't Love You
0%
#47 Paul McCartney Wonderful Christmastime
0%
#98 Lil Baby Word On The Street
0%
#85 Kanye West ft. T.I. Ye vs. The People
0%
#28 Jason Aldean You Make It Easy
0%
#87 Logic Yuck
0%
#54 Bad Wolves Zombie
0%
No matching quizzes found
Score Distribution
Percent of People with Each Score
Percentile by Number Answered
Your Score History
You have not taken this quiz since the last reset